Применение теории подобия и размерностей к исследованию (моделированию) машин ударного действия; Известия Томского политехнического института [Известия ТПИ]; Т. 73

Dades bibliogràfiques
Parent link:Известия Томского политехнического института [Известия ТПИ]/ Томский политехнический институт (ТПИ).— , 1944-1976
Т. 73.— 1952.— [С. 107-152]
Autor principal: Алабужев П. М. Петр Михайлович
Sumari:Заглавие с титульного листа
Электронная версия печатной публикации
Idioma:rus
Publicat: 1952
Matèries:
Accés en línia:http://www.lib.tpu.ru/fulltext/v/Bulletin_TPU/1952/v73/12.pdf
Format: MixedMaterials Electrònic Capítol de llibre
KOHA link:https://koha.lib.tpu.ru/cgi-bin/koha/opac-detail.pl?biblionumber=186216

MARC

LEADER 00000nla2a2200000 4500
001 186216
005 20231031173451.0
035 |a (RuTPU)RU\TPU\book\202042 
035 |a RU\TPU\book\202040 
090 |a 186216 
100 |a 20101025d1952 k y0rusy50 ca 
101 0 |a rus 
102 |a RU 
135 |a drnn ---uucaa 
181 0 |a i  
182 0 |a b 
200 1 |a Применение теории подобия и размерностей к исследованию (моделированию) машин ударного действия  |b Электронный ресурс  |f П. М. Алабужев 
203 |a Текст  |c электронный 
215 |a 1 файл (2.7 Мб) 
230 |a Электронные текстовые данные (1 файл : 2.7 Мб) 
300 |a Заглавие с титульного листа 
300 |a Электронная версия печатной публикации 
320 |a [Библиогр.: с. 150-152 (76 назв.)] 
337 |a Adobe Reader 
461 1 |0 (RuTPU)RU\TPU\book\200995  |t Известия Томского политехнического института [Известия ТПИ]  |f Томский политехнический институт (ТПИ)  |d 1944-1976 
463 1 |0 (RuTPU)RU\TPU\book\202026  |t Т. 73  |v [С. 107-152]  |d 1952  |p 160 с. 
610 1 |a электронный ресурс 
610 1 |a труды учёных ТПУ 
700 1 |a Алабужев  |b П. М.  |c российский ученый, физик  |c заслуженный деятель науки и техники России, доктор технических наук  |c профессор кафедры теоретической механики ТПИ  |f 1908-1995  |g Петр Михайлович  |2 stltpush  |3 (RuTPU)RU\TPU\pers\19759 
801 1 |a RU  |b 63413507  |c 20090320  |g PSBO 
801 2 |a RU  |b 63413507  |c 20110707  |g PSBO 
856 4 |u http://www.lib.tpu.ru/fulltext/v/Bulletin_TPU/1952/v73/12.pdf 
942 |c CF